000
00260nam a2200097Ia 4500
001
1204542
005
20250827022730.0
008
250824s9999 xx 000 0 und d
245
0
_a
EMANETDAR AYASOFYA DEHLİZLERİNDE
_c
ESRA BAHADIR CESAR
260
_b
ERDEM GENÇ
999
_c
1204542
_d
1204542